000 00462nam a2200181Ia 4500
005 20240823062915.0
008 240823s9999||||xx |||||||||||||| ||und||
041 _aENGLISH
082 _A621.31042 N6
100 _aGupta J B
245 0 _aTheory and Performance of Electrical Machines
250 _a11th
260 _c1996
_b"Kataria,New Delhi"
500 _aTRANSFERED
650 _aElectrical Machines
_bInstrumentation
942 _cBK
999 _c236991
_d236991